000 00911nam a2200205 a 4500
003 0
005 20250616133119.0
008 021115s19uu xx 00 eng d
050 _aPGS GR 385.P6
_b.L732 1999
100 _aLim, Cherryl Melanie T.
245 _aPerceptions and reactions of grade 5 and 6 Southville International School students, S.Y. 1998-1999 on Filipino superstitious beliefs /
_cCherryl Melanie T. Lim.
260 _aLas PiƱas City, Philippines :
_bSouthville International School and Colleges,
_c1999.
300 _a27 pages :
_billustrations ;
_c28 cm.
504 _aIncludes bibliographical references.
650 _aSuperstition
_zPhilippines
_vJuvenile literature.
650 _aStudents
_zPhilippines
_vAttitudes
_vSuperstition.
650 _aFolklore
_zPhilippines
_vInfluence on children.
650 _aBelief and doubt in children
_zPhilippines
_vCase studies.
942 _2lcc
_cPASS
999 _c96191
_d96191